000 00726nam a22002417a 4500
001 BR8203521
003 BR-BrBNA
005 20230928091337.0
007 ta
008 230509b bl.||||| |||| 00| 0 por d
040 _aBR-BrBNA
_bpor
_cBiblioteca Nacional de Agricultura
041 _a(Por)
072 _aA00
_b/G514
090 _ A00 BR8203521
110 1 _aUniversidade Federal Rural do Rio de Janeiro, Itaguai (Brasil)
_911225
245 1 _aCatalogo de teses defendidas na Universidade Federal Rural do Rio de Janeiro. 1966-1981 [Brasil]
260 3 _aItaguai, RJ (Brasil):
_c1982.
300 _a246 p.
500 _aSummary only
650 _aAGRICULTURA
909 _a202309
_bLucia
_c55
_dLucia Elande
942 _cBK
999 _c33468
_d33468